header

Biology, evolution and adaptation to the environment / (Record no. 250929)

MARC details
000 -LEADER
fixed length control field 00849cam a2200277 i 4500
001 - CONTROL NUMBER
control field 2219584
003 - CONTROL NUMBER IDENTIFIER
control field OSt
005 - DATE AND TIME OF LATEST TRANSACTION
control field 20151026130522.0
008 - FIXED-LENGTH DATA ELEMENTS--GENERAL INFORMATION
fixed length control field 750123s1975 maua b 001 0 eng
010 ## - LIBRARY OF CONGRESS CONTROL NUMBER
LC control number 75300681
040 ## - CATALOGING SOURCE
Original cataloging agency DLC
Transcribing agency DLC
Modifying agency DLC
050 00 - LIBRARY OF CONGRESS CALL NUMBER
Classification number QH308.2
Item number .K45
082 00 - DEWEY DECIMAL CLASSIFICATION NUMBER
Classification number 574
100 1# - MAIN ENTRY--PERSONAL NAME
Personal name Kelly, Mahlon G.
245 00 - TITLE STATEMENT
Title Biology, evolution and adaptation to the environment /
Statement of responsibility, etc Mahlon G. Kelly, John C. McGrath.
260 ## - PUBLICATION, DISTRIBUTION, ETC. (IMPRINT)
Place of publication, distribution, etc Boston :
Name of publisher, distributor, etc Houghton Mifflin,
Date of publication, distribution, etc [1975]
300 ## - PHYSICAL DESCRIPTION
Extent xii, 558 p. :
Other physical details ill. (some col.) ;
Dimensions 26 cm.
504 ## - BIBLIOGRAPHY, ETC. NOTE
Bibliography, etc Includes bibliographical references and index.
650 #0 - SUBJECT ADDED ENTRY--TOPICAL TERM
Topical term or geographic name as entry element Biology.
Topical term or geographic name as entry element Evolution (Biology)
Topical term or geographic name as entry element Adaptation (Biology)
Topical term or geographic name as entry element Ecology.
700 1# - ADDED ENTRY--PERSONAL NAME
Personal name McGrath, John C.,
Relator term joint author.
906 ## - LOCAL DATA ELEMENT F, LDF (RLIN)
a 7
b cbc
c orignew
d 2
e ncip
f 19
g y-gencatlg
942 ## - ADDED ENTRY ELEMENTS (KOHA)
Source of classification or shelving scheme Library of Congress Classification
Koha item type Long Loan Books
Holdings
Withdrawn status Lost status Source of classification or shelving scheme Damaged status Not for loan Collection code Home library Current library Shelving location Date acquired Total Checkouts Full call number Barcode Date last seen Price effective from Koha item type
    Library of Congress Classification     Non-fiction Rongo University Library Rongo University Library General Stacks 26/10/2015   QH308.2 .K45 1975 20088604 26/10/2015 26/10/2015 Long Loan Books

© 2026 Rongo University
Contact us: librarian | system librarian | Rongo university